000 00693nam a2200241Ia 4500
003 OSt
005 20220923211944.0
006 a|||||r|||| 00| 0
007 ta
008 220922b |||||||| |||| 00| 0 san d
024 _a75,276
037 _cTextual
040 _aARTS
_cARTS
_bsan
041 _2san
_asan
082 _aR66x1,16, 15L2
100 _aशंकराचार्य
245 0 _aदक्षिणार्मूिर्तस्तोत्रम्
246 _aDakṣhiṇārmūirtastotram
260 _c1978
300 _a223चण्
_ccm.
942 _hR66x1,16, 15L2
_cTEXL
_2CC
999 _c304897
_d304897